Charlie Puth songs by EmojisπŸ‘¨πŸ» - Statistics

General Stats
  • This quiz has been taken 215 times
  • The average score is 5 of 14
Answer Stats
Emojis Song % Correct
πŸ’‘πŸ”€ Light Switch
79%
β¬…βž‘ Left And Right
67%
πŸ‘©πŸ»β€πŸ€β€πŸ‘¨πŸΌπŸš«πŸ‘„ We Don't Talk Anymore
53%
πŸ’§πŸ’§πŸŽΉ Tears On My Piano
52%
πŸ™πŸ‘±πŸ»β€β™€πŸ‘©πŸΌβ€πŸ¦° LA Girls
38%
πŸ‘±πŸ» BOY
37%
πŸ§‘πŸ»πŸ€« Charlie Be Quiet!
33%
πŸ₯€πŸ₯€ Empty Cups
27%
πŸ™ƒ Upside Down
25%
πŸ‘€βž‘πŸ” See You Again
24%
πŸ‘±πŸ»β€β™€πŸ˜’βž‘πŸ§‘πŸ»πŸ˜’ When You're Sad I'm Sad
16%
πŸ‘¨β€πŸ‘©β€πŸ‘§β¬… Mother
15%
🏞 River
13%
βž‘πŸ‘©β€β€β€πŸ‘¨ Girlfriend
7%
No matching quizzes found
Score Distribution
Percent of People with Each Score
Percentile by Number Answered
Your Score History
You have not taken this quiz